000 00468nam a2200181Ia 4500
008 090124s9999 xx 000 0 und d
082 _b33273
100 _aकलंदर
245 _a कानोकानी
250 _a0
260 _bरोहन प्रकाशन
_c1996
300 _a175
600 _aकलंदर
630 _a कानोकानी
700 _aकलंदर
730 _a कानोकानी
942 _cBOOK
999 _c99176
_d99176